Física : La naturaleza de las cosas Vol. 1 / Susan M. Lea y John Robert Burke (Registro nro. 12505)
[ vista simple ]
| 000 -LÍDER | |
|---|---|
| fixed length control field | 00512nam a2200169 4500 |
| 008 - ELEMENTOS DE LONGITUD FIJA -- INFORMACIÓN GENERAL | |
| fixed length control field | 0 1999 0a 000 0MEX |
| 020 ## - NÚMERO INTERNACIONAL NORMALIZADO PARA LIBROS | |
| ISBN | 968-7529-37-7 |
| 050 ## - SIGNATURA TOPOGRAFICA DE LA BIBLIOTECA DEL CONGRESO (LC) | |
| Número de Clasificación | QC21 2 L318 1999 V.1 |
| 082 ## - NUMERO DE CLASIFICACION DECIMAL DEWEY | |
| Número de Clasificación | 530.141 L434f |
| 100 ## - ASIENTO PRINCIPAL--NOMBRE PERSONAL | |
| Nombre personal | Lea, Susan M. |
| 245 ## - TÍTULO | |
| Título | Física : La naturaleza de las cosas Vol. 1 / Susan M. Lea y John Robert Burke |
| 260 ## - PUBLICACIÓN, DISTRIBUCIÓN, ETC. (PIE DE IMPRENTA) | |
| Lugar de publicación, distribución, etc. | México :Thomson |
| 300 ## - DESCRIPCIÓN FÍSICA | |
| Extensión | xxiv, 754 p. / 27 cm. |
| 500 ## - NOTA GENERAL | |
| Nota general | Incluye índice |
| 650 ## - ASIENTO SECUNDARIO DE MATERIA - TERMINO TEMÁTICO | |
| Término temático o nombre geográfico como elemento de entrada | 1.FÍSICA |
| 700 ## - ASIENTO SECUNDARIO - NOMBRE PERSONAL | |
| Nombre personal | Gonz lez Pozo, Virgilio, Tr. |
| No. biblioteca | No. biblioteca | Número de clasificación | Código de barras/Número de adquisición | Número de copia | Tipo de material |
|---|---|---|---|---|---|
| LUIS G. INCLAN | LUIS G. INCLAN | 530.141 L434f | 40983 | 1004 | Libros |
| LUIS G. INCLAN | LUIS G. INCLAN | 530.141 L434f | 40984 | 1005 | Libros |
| LUIS G. INCLAN | LUIS G. INCLAN | 530.141 L434f | 40985 | 1006 | Libros |
| LUIS G. INCLAN | LUIS G. INCLAN | 530.141 L434f | 38455 | 1001 | Libros |
| LUIS G. INCLAN | LUIS G. INCLAN | 530.141 L434f | 38456 | 1002 | Libros |
| LUIS G. INCLAN | LUIS G. INCLAN | 530.141 L434f | 38457 | 1003 | Libros |
